MARC

LEADER 00000nam0a2200000 4500
001 137083
005 20231031140905.0
020 |a RU  |b 81-41707 
035 |a (RuTPU)RU\TPU\book\148570 
090 |a 137083 
100 |a 20080505d1981 m a0rusy5003 ca 
101 0 |a rus 
102 |a RU 
105 |a a z 001zy 
200 1 |a Цунами  |f Н. А. Щетников  |f Н. А. Щетников 
210 |a Москва  |c Наука  |d 1981 
215 |a 89 с.  |c ил., 1 л. ил.  |d 20 см. 
225 1 |a Планета Земля и Вселенная 
610 1 |a цунами 
610 1 |a землетрясения 
610 1 |a прогнозы 
610 1 |a прогнозы 
610 1 |a возникновение 
610 1 |a история 
675 |a 550.34  |z rus 
700 1 |a Щетников  |b Н. А.  |g Николай Алексеевич  |4 070 
801 0 |a RU  |b RuMRKP  |c 19950704  |g psbo 
801 1 |a RU  |b 63413507  |c 20080505  |g PSBO 
801 2 |a RU  |b 63413507  |c 20090427  |g PSBO 
942 |c BK